000 00514nam a2200157Ia 4500
008 230917s9999||||xx |||||||||||||| ||und||
020 _cRS180
040 _e26289
_aMAIN
041 _aEnglish
082 _a005.1 R137S
100 _aRajaraman, V, ed.
245 0 _aSoftware technology: Challenges & opportunities proceedings of the Indian National Academy of Engineering Discussion meeting Banglore, India 5-6 June 1992
260 _aNew Delhi
_bTata McGraw-Hill
_c1993
300 _axviii, 159 p.
942 _cBK
999 _c77992
_d77992